Statistics for Cursus Honorum of the Roman Republic

Click here to take the quiz!

General Stats

  • This quiz has been taken 151 times
  • The average score is 4 of 5

Answer Stats

Minimum AgeAnswer% Correct
42Consul
95%
39Praetor
78%
30Quaestor
71%
36Aedile
59%
44Censor
50%

Score Distribution

Percentile by Number Answered

Percent of People with Each Score

Your Score History

You have not taken this quiz